000 00299nam a22001337a 4500
008 171214b xxu||||| |||| 00| 0 eng d
020 _a9781608311255
041 _aeng
080 _210TH
_a61
100 _a4
101 _aSHM
245 _aQ&A REVIEW FOR NCLEX-RN
_cBILLINGS,D.M
942 _2udc
_cBK
999 _c38904
_d38904